Miracles on Maple Hill / (Record no. 115)

MARC details
000 -LEADER
fixed length control field 01690nam a22004217a 4500
001 - CONTROL NUMBER
control field 115
003 - CONTROL NUMBER IDENTIFIER
control field FISKH
005 - DATE AND TIME OF LATEST TRANSACTION
control field 20241101105051.0
008 - FIXED-LENGTH DATA ELEMENTS--GENERAL INFORMATION
fixed length control field 230228b cb ||||| |||| 00| 0 eng d
010 ## - LIBRARY OF CONGRESS CONTROL NUMBER
LC control number 2003049939
020 ## - INTERNATIONAL STANDARD BOOK NUMBER
International Standard Book Number 0152047190
020 ## - INTERNATIONAL STANDARD BOOK NUMBER
International Standard Book Number 0152047182 (pbk. : alk. paper)
040 ## - CATALOGING SOURCE
Original cataloging agency DLC
Transcribing agency DLC
Modifying agency DLC
-- FISKH
Language of cataloging eng
042 ## - AUTHENTICATION CODE
Authentication code lcac
050 00 - LIBRARY OF CONGRESS CALL NUMBER
Classification number PZ7.S72
Item number Mi 2003
082 00 - DEWEY DECIMAL CLASSIFICATION NUMBER
Classification number 823.91
Edition number 21
100 1# - MAIN ENTRY--PERSONAL NAME
Personal name Sorensen, Virginia
Dates associated with a name 1912-1991
245 10 - TITLE STATEMENT
Title Miracles on Maple Hill /
Statement of responsibility, etc. Virginia Sorensen ; illustrated by Beth and Joe Krush.
250 ## - EDITION STATEMENT
Edition statement First Scholastic printing, September 1989
260 ## - PUBLICATION, DISTRIBUTION, ETC.
Place of publication, distribution, etc. New York :
Name of publisher, distributor, etc. Scholastic,
Date of publication, distribution, etc. 2003
300 ## - PHYSICAL DESCRIPTION
Extent 180 pages :
Other physical details illustrations ;
Dimensions 20 cm.
500 ## - GENERAL NOTE
General note "An Odyssey/Harcourt young classic."
505 ## - FORMATTED CONTENTS NOTE
Formatted contents note M
520 ## - SUMMARY, ETC.
Summary, etc. After her father returns from the war moody and tired, Marly's family decides to move from the city to Maple Hill Farm in the Pennsylvania countryside where they share many adventures which help restore their spirits and their bond with each other.
521 8# - TARGET AUDIENCE NOTE
Target audience note 750
Source Lexile
521 8# - TARGET AUDIENCE NOTE
Target audience note M
Source Raz-Plus
586 ## - AWARDS NOTE
Awards note Newbery Medal, 1957.
650 #1 - SUBJECT ADDED ENTRY--TOPICAL TERM
Topical term or geographic name entry element Moving, Household
Form subdivision Fiction.
650 #1 - SUBJECT ADDED ENTRY--TOPICAL TERM
Topical term or geographic name entry element Family problems
Form subdivision Fiction.
650 #1 - SUBJECT ADDED ENTRY--TOPICAL TERM
Topical term or geographic name entry element Country life
Geographic subdivision Pennsylvania
Form subdivision Fiction.
651 #1 - SUBJECT ADDED ENTRY--GEOGRAPHIC NAME
Geographic name Pennsylvania
General subdivision History
Chronological subdivision 20th century
Form subdivision Fiction.
700 1# - ADDED ENTRY--PERSONAL NAME
Personal name Krush, Beth,
Relator term ill.
700 1# - ADDED ENTRY--PERSONAL NAME
Personal name Krush, Joe
Relator term illustrator
856 42 - ELECTRONIC LOCATION AND ACCESS
Materials specified Contributor biographical information
Uniform Resource Identifier <a href="http://www.loc.gov/catdir/bios/har051/2003049939.html">http://www.loc.gov/catdir/bios/har051/2003049939.html</a>
856 42 - ELECTRONIC LOCATION AND ACCESS
Materials specified Publisher description
Uniform Resource Identifier <a href="http://www.loc.gov/catdir/description/har051/2003049939.html">http://www.loc.gov/catdir/description/har051/2003049939.html</a>
906 ## - LOCAL DATA ELEMENT F, LDF (RLIN)
a 7
b cbc
c orignew
d 1
e ocip
f 20
g y-gencatlg
942 ## - ADDED ENTRY ELEMENTS (KOHA)
Source of classification or shelving scheme Dewey Decimal Classification
Koha item type Books
Suppress in OPAC No
Holdings
Withdrawn status Lost status Source of classification or shelving scheme Damaged status Not for loan Collection Home library Current library Shelving location Date acquired Total Checkouts Full call number Barcode Date last seen Copy number Price effective from Koha item type
    Dewey Decimal Classification     Juvenile Fiction Footprints International School Library Network Toul Kork Campus Footprints International School Library Network Toul Kork Campus TK Primary Library Room(4th Floor), Bookcase 5&6, Shelves 33-56, Orange Books 02/28/2023   SOR 823.91 PZ7.S72 FISTK05410 02/28/2023 1 02/28/2023 Books
    Dewey Decimal Classification     Juvenile Fiction Footprints International School Library Network Toul Kork Campus Footprints International School Library Network Toul Kork Campus TK Primary Library Room(4th Floor), Bookcase 5&6, Shelves 33-56, Orange Books 02/28/2023   SOR 823.91 PZ7.S72 FISTK04724 02/28/2023 2 02/28/2023 Books
    Dewey Decimal Classification     Juvenile Fiction Footprints International School Library Network Toul Kork Campus Footprints International School Library Network Toul Kork Campus TK Primary Library Room(4th Floor), Bookcase 5&6, Shelves 33-56, Orange Books 02/28/2023   SOR 823.91 PZ7.S72 FISTK04728 02/28/2023 3 02/28/2023 Books
    Dewey Decimal Classification     Juvenile Fiction Footprints International School Library Network Toul Kork Campus Footprints International School Library Network Toul Kork Campus TK Primary Library Room(4th Floor), Bookcase 5&6, Shelves 33-56, Orange Books 02/28/2023   SOR 823.91 PZ7.S72 FISTK04726 03/06/2023 4 02/28/2023 Books
    Dewey Decimal Classification     Juvenile Fiction Footprints International School Library Network Toul Kork Campus Footprints International School Library Network Toul Kork Campus TK Primary Library Room(4th Floor), Bookcase 5&6, Shelves 33-56, Orange Books 02/28/2023   SOR 823.91 PZ7.S72 FISTK05483 03/13/2023 5 02/28/2023 Books
    Dewey Decimal Classification     Juvenile Fiction Footprints International School Library Network Toul Kork Campus Footprints International School Library Network Toul Kork Campus TK Primary Library Room(4th Floor), Bookcase 5&6, Shelves 33-56, Orange Books 02/28/2023   SOR 823.91 PZ7.S72 FISTK04723 03/13/2023 6 02/28/2023 Books
    Dewey Decimal Classification     Juvenile Fiction Footprints International School Library Network Toul Kork Campus Footprints International School Library Network Toul Kork Campus TK Primary Library Room(4th Floor), Bookcase 5&6, Shelves 33-56, Orange Books 02/28/2023   SOR 823.91 PZ7.S72 FISTK04727 03/20/2023 7 02/28/2023 Books
    Dewey Decimal Classification     Juvenile Fiction Footprints International School Library Network Toul Kork Campus Footprints International School Library Network Toul Kork Campus   12/12/2023   SOR 823.91 PZ7.S72 FISSE00267 12/12/2023 8 02/28/2023 Books
    Dewey Decimal Classification     Juvenile Fiction Footprints International School Library Network Toul Kork Campus Footprints International School Library Network Toul Kork Campus   12/12/2023   SOR 823.91 PZ7.S72 FISSE00269 12/12/2023 9 02/28/2023 Books